[Event "Blitz 2018"]
[Site "Saint-Petersburg"]
[Date "2018.12.30"]
[Round "14"]
[Board "62"]
[White "Zvjaginsev Vadim (RUS)"]
[Black "Belozerov Andrei (RUS)"]
[Result "1-0"]
[LiveChessVersion "1.4.8"]
[BlackElo "2518"]
[WhiteElo "2649"]

1. e4 {[%clk 0:03:03]} c6 {[%clk 0:03:04]} 2. Nc3 {[%clk 0:03:04]} d5
{[%clk 0:03:05]} 3. Qe2 {[%clk 0:03:05]} d4 {[%clk 0:03:01]} 4. Nb1
{[%clk 0:03:07]} e5 {[%clk 0:03:01]} 5. d3 {[%clk 0:03:08]} Bd6 {[%clk 0:02:57]}
6. g3 {[%clk 0:03:08]} c5 {[%clk 0:02:34]} 7. Bh3 {[%clk 0:03:09]} Nc6
{[%clk 0:02:34]} 8. Bxc8 {[%clk 0:02:49]} Rxc8 {[%clk 0:02:34]} 9. Nf3
{[%clk 0:02:50]} Nge7 {[%clk 0:02:26]} 10. O-O {[%clk 0:02:50]} Qd7
{[%clk 0:02:27]} 11. a4 {[%clk 0:02:47]} f6 {[%clk 0:02:21]} 12. Na3
{[%clk 0:02:47]} g5 {[%clk 0:02:14]} 13. Bd2 {[%clk 0:02:33]} Ng6
{[%clk 0:02:08]} 14. c3 {[%clk 0:02:24]} Qh3 {[%clk 0:01:53]} 15. Rfc1
{[%clk 0:02:19]} h5 {[%clk 0:00:52]} 16. cxd4 {[%clk 0:02:18]} g4
{[%clk 0:00:53]} 17. Nb5 {[%clk 0:02:19]} gxf3 {[%clk 0:00:41]} 18. Nxd6+
{[%clk 0:02:19]} Kd7 {[%clk 0:00:41]} 19. Qxf3 {[%clk 0:02:19]} Nxd4
{[%clk 0:00:35]} 20. Qxf6 {[%clk 0:01:43]} Rc6 21. Be3 {[%clk 0:01:15]} Rxd6
{[%clk 0:00:32]} 22. Qg7+ {[%clk 0:01:15]} Kc6 {[%clk 0:00:25]} 23. Bxd4
{[%clk 0:01:15]} exd4 {[%clk 0:00:18]} 24. b4 {[%clk 0:01:17]} Qd7
{[%clk 0:00:14]} 25. Rxc5+ {[%clk 0:01:14]} Kb6 {[%clk 0:00:16]} 26. a5+
{[%clk 0:01:15]} Ka6 {[%clk 0:00:16]} 27. Qxd7 {[%clk 0:01:14]} Rxd7
{[%clk 0:00:17]} 28. b5# 1-0

[Event "Blitz 2018"]
[Site "Saint-Petersburg"]
[Date "2018.12.30"]
[Round "14"]
[Board "63"]
[White "Dzhumagaliev Yan (RUS)"]
[Black "Piorun Kacper (POL)"]
[Result "1-0"]
[LiveChessVersion "1.4.8"]
[BlackElo "2646"]
[WhiteElo "2489"]

1. Nf3 {[%clk 0:03:03]} g6 {[%clk 0:03:04]} 2. h4 {[%clk 0:03:04]} Bg7
{[%clk 0:03:01]} 3. h5 {[%clk 0:03:05]} d5 {[%clk 0:03:02]} 4. d4
{[%clk 0:03:06]} Bg4 {[%clk 0:03:02]} 5. h6 {[%clk 0:03:07]} Bf8 {[%clk 0:02:53]}
6. Ne5 {[%clk 0:03:08]} Be6 {[%clk 0:02:54]} 7. c4 {[%clk 0:03:03]} dxc4
{[%clk 0:02:45]} 8. e4 {[%clk 0:03:04]} c6 {[%clk 0:02:46]} 9. Nc3
{[%clk 0:02:56]} Nf6 {[%clk 0:02:45]} 10. Bg5 {[%clk 0:02:48]} b5
{[%clk 0:02:25]} 11. f3 {[%clk 0:02:26]} Nfd7 {[%clk 0:02:02]} 12. Nxc6
{[%clk 0:02:27]} Nxc6 {[%clk 0:02:02]} 13. d5 {[%clk 0:02:28]} Nc5
{[%clk 0:01:27]} 14. dxc6 {[%clk 0:02:29]} Qxd1+ {[%clk 0:00:54]} 15. Rxd1 Rc8
16. Nxb5 {[%clk 0:02:23]} Rxc6 {[%clk 0:00:57]} 17. Nd4 {[%clk 0:02:17]} Rc8
{[%clk 0:00:54]} 18. Be3 {[%clk 0:02:11]} a6 {[%clk 0:00:43]} 19. Nxe6
{[%clk 0:02:04]} Nxe6 {[%clk 0:00:45]} 20. Rc1 {[%clk 0:02:05]} Rb8
{[%clk 0:00:16]} 21. Bxc4 {[%clk 0:02:02]} Rxb2 {[%clk 0:00:14]} 22. Bxe6
{[%clk 0:02:03]} 1-0

[Event "Blitz 2018"]
[Site "Saint-Petersburg"]
[Date "2018.12.30"]
[Round "14"]
[Board "64"]
[White "Bindrich Falko (GER)"]
[Black "Bilguun Sumiya (MGL)"]
[Result "1-0"]
[LiveChessVersion "1.4.8"]
[BlackElo "2469"]
[WhiteElo "2639"]

1. d4 {[%clk 0:03:02]} d5 {[%clk 0:03:03]} 2. c4 {[%clk 0:03:03]} e6
{[%clk 0:03:04]} 3. g3 {[%clk 0:03:04]} c6 {[%clk 0:03:03]} 4. Nd2
{[%clk 0:03:04]} f5 {[%clk 0:03:03]} 5. Ngf3 {[%clk 0:03:05]} Nf6
{[%clk 0:03:04]} 6. Bg2 {[%clk 0:03:06]} Bd6 {[%clk 0:03:05]} 7. Ne5
{[%clk 0:03:07]} O-O {[%clk 0:03:05]} 8. O-O {[%clk 0:03:07]} Nbd7
{[%clk 0:03:06]} 9. Ndf3 {[%clk 0:03:08]} Ne4 {[%clk 0:03:07]} 10. Qc2
{[%clk 0:03:09]} Ndf6 {[%clk 0:03:07]} 11. b3 {[%clk 0:03:09]} Qe7
{[%clk 0:02:55]} 12. Bb2 {[%clk 0:03:09]} Bd7 {[%clk 0:02:56]} 13. Ne1
{[%clk 0:03:07]} Be8 {[%clk 0:02:45]} 14. f3 {[%clk 0:03:05]} Ng5
{[%clk 0:02:42]} 15. N1d3 {[%clk 0:03:06]} Nf7 {[%clk 0:02:34]} 16. c5
{[%clk 0:03:05]} Bc7 {[%clk 0:02:32]} 17. b4 {[%clk 0:03:06]} Nh5
{[%clk 0:02:19]} 18. a4 {[%clk 0:03:03]} a6 {[%clk 0:02:02]} 19. Bc3
{[%clk 0:02:57]} Rd8 {[%clk 0:01:58]} 20. Rae1 {[%clk 0:02:42]} Nxe5
{[%clk 0:01:47]} 21. dxe5 {[%clk 0:02:36]} g5 {[%clk 0:01:45]} 22. Bd4
{[%clk 0:02:33]} f4 {[%clk 0:01:42]} 23. g4 {[%clk 0:02:32]} Ng7 {[%clk 0:01:43]}
24. e3 {[%clk 0:02:33]} fxe3 {[%clk 0:01:41]} 25. Rxe3 Bg6 26. Qd2
{[%clk 0:02:14]} Rf7 {[%clk 0:01:37]} 27. Nf2 {[%clk 0:02:10]} Rdf8
{[%clk 0:01:36]} 28. Rb3 {[%clk 0:02:05]} h5 {[%clk 0:01:09]} 29. h3
{[%clk 0:02:06]} h4 {[%clk 0:01:07]} 30. b5 {[%clk 0:01:59]} axb5
{[%clk 0:01:08]} 31. axb5 {[%clk 0:02:00]} Rf4 {[%clk 0:01:09]} 32. b6
{[%clk 0:01:43]} Bb8 {[%clk 0:01:09]} 33. Re1 {[%clk 0:01:43]} Rxd4
{[%clk 0:01:06]} 34. Qxd4 {[%clk 0:01:43]} Rf4 {[%clk 0:01:08]} 35. Qe3
{[%clk 0:01:31]} d4 {[%clk 0:00:39]} 36. Qc1 {[%clk 0:01:32]} d3 {[%clk 0:00:41]}
37. Nxd3 {[%clk 0:01:27]} Rd4 {[%clk 0:00:42]} 38. Nf2 {[%clk 0:01:17]} Rd5
{[%clk 0:00:40]} 39. f4 {[%clk 0:00:44]} gxf4 {[%clk 0:00:32]} 40. Bxd5
{[%clk 0:00:43]} exd5 {[%clk 0:00:28]} 41. Qxf4 {[%clk 0:00:34]} Qxc5
{[%clk 0:00:29]} 42. Qf6 {[%clk 0:00:30]} Kh7 {[%clk 0:00:26]} 43. Qxh4+
{[%clk 0:00:30]} Kg8 {[%clk 0:00:16]} 44. Rf3 {[%clk 0:00:32]} Qb4
{[%clk 0:00:11]} 45. Rf1 {[%clk 0:00:24]} Bxe5 {[%clk 0:00:11]} 46. Qg5
{[%clk 0:00:20]} Be4 {[%clk 0:00:06]} 47. Nxe4 {[%clk 0:00:18]} Qxe4
{[%clk 0:00:07]} 48. Rf8+ {[%clk 0:00:17]} Kh7 {[%clk 0:00:07]} 49. Qh4+
{[%clk 0:00:18]} Kg6 {[%clk 0:00:06]} 50. R1f6+ {[%clk 0:00:18]} 1-0

[Event "Blitz 2018"]
[Site "Saint-Petersburg"]
[Date "2018.12.30"]
[Round "14"]
[Board "65"]
[White "Pershin Denis (RUS)"]
[Black "Khanin Semen (RUS)"]
[Result "0-1"]
[LiveChessVersion "1.4.8"]
[BlackElo "2564"]
[WhiteElo "2354"]

1. d4 {[%clk 0:03:03]} Nf6 {[%clk 0:03:02]} 2. Nc3 {[%clk 0:03:05]} d5
{[%clk 0:03:00]} 3. Bf4 {[%clk 0:03:05]} a6 {[%clk 0:03:00]} 4. e3
{[%clk 0:03:06]} e6 {[%clk 0:02:59]} 5. g4 {[%clk 0:03:07]} c5 {[%clk 0:02:59]}
6. g5 {[%clk 0:03:02]} Nfd7 {[%clk 0:02:59]} 7. h4 {[%clk 0:03:03]} Nc6
{[%clk 0:02:58]} 8. Nf3 {[%clk 0:03:03]} b5 {[%clk 0:02:58]} 9. Bg2
{[%clk 0:02:55]} Bb7 {[%clk 0:02:58]} 10. Ne2 {[%clk 0:02:54]} b4
{[%clk 0:02:52]} 11. h5 {[%clk 0:02:40]} Be7 {[%clk 0:02:44]} 12. Qd3
{[%clk 0:01:59]} a5 {[%clk 0:02:32]} 13. c3 {[%clk 0:01:41]} Ba6 {[%clk 0:02:26]}
14. Qd2 {[%clk 0:01:42]} a4 {[%clk 0:02:18]} 15. cxb4 {[%clk 0:01:05]} Nxb4
{[%clk 0:02:18]} 16. O-O {[%clk 0:00:57]} Nd3 {[%clk 0:01:45]} 17. Rfd1
{[%clk 0:00:55]} g6 {[%clk 0:01:35]} 18. h6 {[%clk 0:00:55]} O-O {[%clk 0:01:32]}
19. dxc5 {[%clk 0:00:41]} N7xc5 {[%clk 0:01:33]} 20. Qc3 {[%clk 0:00:23]} f6
{[%clk 0:01:31]} 21. Ned4 {[%clk 0:00:17]} Qd7 {[%clk 0:01:15]} 22. Bh3
{[%clk 0:00:17]} fxg5 {[%clk 0:01:05]} 23. Bxg5 {[%clk 0:00:07]} Nxf2
{[%clk 0:00:51]} 24. Kxf2 {[%clk 0:00:05]} Ne4+ {[%clk 0:00:50]} 25. Kg1
{[%clk 0:00:07]} Nxc3 {[%clk 0:00:41]} 26. Bxe6+ {[%clk 0:00:08]} Qxe6
{[%clk 0:00:42]} 27. Nxe6 {[%clk 0:00:09]} Nxd1 {[%clk 0:00:36]} 28. Nxf8
{[%clk 0:00:08]} Bxf8 {[%clk 0:00:17]} 29. Rxd1 {[%clk 0:00:09]} Be2
{[%clk 0:00:18]} 30. Rxd5 {[%clk 0:00:08]} Bxf3 {[%clk 0:00:19]} 31. Rd7
{[%clk 0:00:10]} Rc8 {[%clk 0:00:18]} 32. Kf2 {[%clk 0:00:10]} Be4
{[%clk 0:00:18]} 33. b3 {[%clk 0:00:07]} a3 {[%clk 0:00:19]} 34. Kg3
{[%clk 0:00:06]} Bb1 {[%clk 0:00:20]} 35. Rd2 {[%clk 0:00:03]} Rc2
{[%clk 0:00:14]} 36. Rd8 {[%clk 0:00:04]} Kf7 {[%clk 0:00:15]} 37. Rd7+
{[%clk 0:00:06]} Ke6 {[%clk 0:00:15]} 38. Rxh7 {[%clk 0:00:07]} Rxa2
{[%clk 0:00:15]} 39. Re7+ {[%clk 0:00:07]} Bxe7 {[%clk 0:00:12]} 40. h7
{[%clk 0:00:09]} Bxg5 {[%clk 0:00:11]} 41. h8=Q {[%clk 0:00:09]} Bf6
{[%clk 0:00:10]} 42. Qg8+ {[%clk 0:00:09]} Ke7 {[%clk 0:00:10]} 43. b4
{[%clk 0:00:06]} Rb2 {[%clk 0:00:10]} 44. Qa8 {[%clk 0:00:03]} a2
{[%clk 0:00:10]} 45. Qa7+ {[%clk 0:00:00]} 0-1

[Event "Blitz 2018"]
[Site "Saint-Petersburg"]
[Date "2018.12.30"]
[Round "14"]
[Board "66"]
[White "Goganov Aleksey (RUS)"]
[Black "Drygalov Sergey (RUS)"]
[Result "1/2-1/2"]
[LiveChessVersion "1.4.8"]
[BlackElo "2428"]
[WhiteElo "2539"]

1. Nf3 {[%clk 0:03:03]} d5 {[%clk 0:03:04]} 2. e3 {[%clk 0:03:03]} Nf6
{[%clk 0:03:04]} 3. c4 {[%clk 0:03:04]} c6 {[%clk 0:03:06]} 4. Nc3
{[%clk 0:03:04]} e6 {[%clk 0:03:07]} 5. Qc2 {[%clk 0:03:05]} Nbd7
{[%clk 0:03:05]} 6. b3 {[%clk 0:03:06]} a6 {[%clk 0:02:40]} 7. d4
{[%clk 0:02:51]} Bb4 {[%clk 0:02:25]} 8. a3 {[%clk 0:02:45]} Bxc3+
{[%clk 0:02:19]} 9. Qxc3 {[%clk 0:02:46]} O-O {[%clk 0:02:18]} 10. Bd3
{[%clk 0:02:41]} c5 {[%clk 0:02:08]} 11. O-O {[%clk 0:02:35]} dxc4
{[%clk 0:01:56]} 12. bxc4 {[%clk 0:02:35]} cxd4 {[%clk 0:01:54]} 13. exd4
{[%clk 0:02:35]} b6 {[%clk 0:01:56]} 14. Bb2 {[%clk 0:01:51]} Bb7
{[%clk 0:01:56]} 15. Be2 {[%clk 0:01:25]} Rc8 {[%clk 0:01:53]} 16. Qe3
{[%clk 0:01:25]} Qc7 {[%clk 0:01:50]} 17. h3 {[%clk 0:01:26]} Qb8
{[%clk 0:01:32]} 18. a4 Rfe8 {[%clk 0:01:29]} 19. a5 {[%clk 0:01:19]} bxa5
{[%clk 0:01:22]} 20. Bc3 {[%clk 0:01:16]} a4 {[%clk 0:00:36]} 21. Rfb1
{[%clk 0:01:11]} Qc7 {[%clk 0:00:22]} 22. Rxa4 {[%clk 0:01:12]} Be4
{[%clk 0:00:17]} 23. Rba1 {[%clk 0:01:01]} Nb6 {[%clk 0:00:12]} 24. Ba5
{[%clk 0:00:54]} Qc6 {[%clk 0:00:13]} 25. Bxb6 {[%clk 0:00:54]} Qxb6
{[%clk 0:00:14]} 26. Rxa6 {[%clk 0:00:54]} Qb2 {[%clk 0:00:11]} 27. R6a2
{[%clk 0:00:49]} Qb4 {[%clk 0:00:09]} 28. Ne5 {[%clk 0:00:48]} Red8
{[%clk 0:00:07]} 29. Ra7 {[%clk 0:00:46]} Bg6 {[%clk 0:00:08]} 30. Bf3
{[%clk 0:00:40]} Qb2 {[%clk 0:00:06]} 31. Nc6 {[%clk 0:00:39]} Re8
{[%clk 0:00:04]} 32. Qa3 {[%clk 0:00:24]} Qxa3 {[%clk 0:00:03]} 33. R1xa3
{[%clk 0:00:25]} Kf8 {[%clk 0:00:04]} 34. c5 {[%clk 0:00:20]} Bc2
{[%clk 0:00:03]} 35. Rc3 {[%clk 0:00:17]} Bg6 {[%clk 0:00:05]} 36. h4
{[%clk 0:00:17]} h6 {[%clk 0:00:06]} 37. g3 {[%clk 0:00:18]} h5 {[%clk 0:00:07]}
38. Kg2 {[%clk 0:00:19]} Ne4 {[%clk 0:00:06]} 39. Re3 {[%clk 0:00:20]} Rxc6
{[%clk 0:00:06]} 40. Bxe4 {[%clk 0:00:20]} Bxe4+ {[%clk 0:00:06]} 41. Rxe4 Rd8
42. Kf3 {[%clk 0:00:21]} Rcc8 {[%clk 0:00:09]} 43. Rf4 {[%clk 0:00:18]} f6
{[%clk 0:00:10]} 44. Re4 {[%clk 0:00:19]} Rc6 {[%clk 0:00:08]} 45. Ke3
{[%clk 0:00:19]} Rb8 {[%clk 0:00:10]} 46. Kf3 {[%clk 0:00:18]} Rd8
{[%clk 0:00:07]} 47. Ke3 {[%clk 0:00:18]} Rb8 {[%clk 0:00:08]} 48. d5
{[%clk 0:00:18]} exd5 {[%clk 0:00:07]} 49. Ree7 {[%clk 0:00:19]} Rxc5
{[%clk 0:00:06]} 50. Rf7+ {[%clk 0:00:19]} Kg8 {[%clk 0:00:05]} 51. Rxg7+ Kh8 52.
Rh7+ Kg8 53. Rag7+ {[%clk 0:00:20]} Kf8 {[%clk 0:00:10]} 54. Rd7 {[%clk 0:00:20]}
Kg8 {[%clk 0:00:10]} 55. Rhg7+ {[%clk 0:00:15]} Kh8 {[%clk 0:00:12]} 56. Kf3
{[%clk 0:00:10]} d4 {[%clk 0:00:11]} 57. Rgf7 {[%clk 0:00:10]} Rf5+
{[%clk 0:00:08]} 58. Kg2 {[%clk 0:00:10]} Kg8 {[%clk 0:00:09]} 59. Rfe7
{[%clk 0:00:09]} Kf8 {[%clk 0:00:09]} 60. Re2 {[%clk 0:00:07]} Rb4
{[%clk 0:00:10]} 61. Rd2 {[%clk 0:00:08]} Ke8 {[%clk 0:00:07]} 62. R7xd4
{[%clk 0:00:09]} Rxd4 {[%clk 0:00:08]} 63. Rxd4 {[%clk 0:00:10]} Kf7
{[%clk 0:00:06]} 64. Rd7+ {[%clk 0:00:10]} Kg6 {[%clk 0:00:08]} 65. f3
{[%clk 0:00:10]} Ra5 {[%clk 0:00:09]} 66. Kh3 {[%clk 0:00:11]} Ra3
{[%clk 0:00:10]} 67. Kg2 {[%clk 0:00:11]} Ra2+ {[%clk 0:00:12]} 68. Kf1
{[%clk 0:00:12]} Ra1+ {[%clk 0:00:11]} 69. Ke2 {[%clk 0:00:13]} Rg1
{[%clk 0:00:11]} 70. Kf2 {[%clk 0:00:14]} Rh1 {[%clk 0:00:12]} 71. Ke3
{[%clk 0:00:15]} Re1+ {[%clk 0:00:12]} 72. Kf4 {[%clk 0:00:16]} Rh1
{[%clk 0:00:12]} 73. Rd6 {[%clk 0:00:17]} Rh2 {[%clk 0:00:12]} 74. Ra6
{[%clk 0:00:17]} Rh1 {[%clk 0:00:13]} 75. Ke3 {[%clk 0:00:16]} Re1+
{[%clk 0:00:13]} 76. Kf2 {[%clk 0:00:17]} Rh1 {[%clk 0:00:07]} 77. Kg2
{[%clk 0:00:17]} Rb1 {[%clk 0:00:08]} 78. Rd6 {[%clk 0:00:18]} Rb2+
{[%clk 0:00:09]} 79. Kf1 {[%clk 0:00:19]} Rb3 {[%clk 0:00:08]} 80. Kf2
{[%clk 0:00:20]} Rb2+ {[%clk 0:00:09]} 81. Ke3 {[%clk 0:00:21]} Rb3+
{[%clk 0:00:10]} 82. Rd3 {[%clk 0:00:18]} Rb4 {[%clk 0:00:10]} 83. Rd4
{[%clk 0:00:18]} Rb1 {[%clk 0:00:10]} 84. Kf4 {[%clk 0:00:19]} Rh1
{[%clk 0:00:09]} 85. Rd5 {[%clk 0:00:19]} Rh2 {[%clk 0:00:09]} 86. g4
{[%clk 0:00:19]} hxg4 {[%clk 0:00:06]} 87. Kxg4 {[%clk 0:00:16]} Rh1
{[%clk 0:00:07]} 88. h5+ {[%clk 0:00:12]} Kh6 {[%clk 0:00:06]} 89. Rd6
{[%clk 0:00:09]} Rg1+ {[%clk 0:00:06]} 90. Kf5 {[%clk 0:00:08]} Kxh5
{[%clk 0:00:07]} 91. Rxf6 {[%clk 0:00:08]} Rg5+ {[%clk 0:00:07]} 92. Ke6
{[%clk 0:00:09]} Rg3 {[%clk 0:00:07]} 93. f4 {[%clk 0:00:10]} Ra3
{[%clk 0:00:06]} 94. Kf7 {[%clk 0:00:09]} Ra5 {[%clk 0:00:07]} 95. Kg7
{[%clk 0:00:08]} Rb5 {[%clk 0:00:07]} 96. Rf7 {[%clk 0:00:06]} Kg4
{[%clk 0:00:06]} 97. Kg6 {[%clk 0:00:05]} Rb6+ {[%clk 0:00:08]} 98. Kg7 Rb5 99.
Kg6 {[%clk 0:00:07]} Rb6+ {[%clk 0:00:11]} 1/2-1/2

[Event "Blitz 2018"]
[Site "Saint-Petersburg"]
[Date "2018.12.30"]
[Round "14"]
[Board "67"]
[White "Iljiushenok Ilia (RUS)"]
[Black "Mikhalevski Victor (ISR)"]
[Result "1/2-1/2"]
[LiveChessVersion "1.4.8"]
[BlackElo "2521"]
[WhiteElo "2467"]

1. e4 {[%clk 0:03:02]} e5 {[%clk 0:03:03]} 2. Nf3 {[%clk 0:03:03]} Nc6
{[%clk 0:03:05]} 3. d4 {[%clk 0:03:04]} exd4 {[%clk 0:03:05]} 4. Nxd4
{[%clk 0:03:05]} Nf6 {[%clk 0:03:06]} 5. Nxc6 {[%clk 0:03:06]} bxc6
{[%clk 0:03:07]} 6. e5 {[%clk 0:03:07]} Qe7 {[%clk 0:03:08]} 7. Qe2
{[%clk 0:03:07]} Nd5 {[%clk 0:03:09]} 8. c4 {[%clk 0:03:08]} Nb6 {[%clk 0:03:10]}
9. b3 {[%clk 0:03:09]} a5 {[%clk 0:03:05]} 10. g3 {[%clk 0:03:09]} a4
{[%clk 0:03:05]} 11. Ba3 {[%clk 0:03:09]} Qe6 {[%clk 0:02:40]} 12. Bg2
{[%clk 0:03:08]} axb3 {[%clk 0:02:32]} 13. axb3 {[%clk 0:03:09]} Bb4+
{[%clk 0:02:33]} 14. Bxb4 {[%clk 0:03:08]} Rxa1 {[%clk 0:02:33]} 15. O-O
{[%clk 0:03:08]} d5 {[%clk 0:02:11]} 16. Qb2 {[%clk 0:02:58]} Ra8
{[%clk 0:01:59]} 17. Nd2 {[%clk 0:02:56]} Qh6 {[%clk 0:01:36]} 18. Qd4
{[%clk 0:02:40]} Bh3 {[%clk 0:01:17]} 19. Qc5 {[%clk 0:02:41]} Kd7
{[%clk 0:01:17]} 20. Qe7+ {[%clk 0:02:04]} Kc8 {[%clk 0:01:18]} 21. Bxh3+
{[%clk 0:02:02]} Qxh3 {[%clk 0:01:19]} 22. Qxf7 {[%clk 0:02:03]} Qg4
{[%clk 0:01:15]} 23. Rc1 {[%clk 0:01:57]} Qg6 {[%clk 0:01:13]} 24. e6
{[%clk 0:01:54]} Kb7 {[%clk 0:00:49]} 25. Nf3 {[%clk 0:01:54]} Rhe8
{[%clk 0:00:49]} 26. Nd4 {[%clk 0:01:51]} dxc4 {[%clk 0:00:47]} 27. bxc4
{[%clk 0:01:47]} Ra4 {[%clk 0:00:44]} 28. Bd6 {[%clk 0:01:45]} Rxc4
{[%clk 0:00:24]} 29. Qxc7+ {[%clk 0:01:45]} Ka6 {[%clk 0:00:26]} 30. Ra1+
{[%clk 0:01:43]} Ra4 {[%clk 0:00:27]} 31. Rxa4+ {[%clk 0:01:40]} Nxa4
{[%clk 0:00:28]} 32. Qxc6+ Nb6 {[%clk 0:00:29]} 33. Qb5+ {[%clk 0:01:34]} Kb7
{[%clk 0:00:28]} 34. Bc5 {[%clk 0:01:20]} Rxe6 {[%clk 0:00:28]} 35. Nxe6
{[%clk 0:01:16]} Qxe6 {[%clk 0:00:29]} 36. Qxb6+ {[%clk 0:01:14]} Qxb6
{[%clk 0:00:30]} 37. Bxb6 {[%clk 0:01:16]} Kxb6 {[%clk 0:00:31]} 38. Kg2
{[%clk 0:01:17]} Kc6 {[%clk 0:00:32]} 39. Kf3 {[%clk 0:01:18]} Kd6
{[%clk 0:00:34]} 40. Kf4 {[%clk 0:01:19]} Ke6 {[%clk 0:00:34]} 41. Ke4
{[%clk 0:01:20]} Kf6 {[%clk 0:00:31]} 42. f4 {[%clk 0:01:21]} h5 {[%clk 0:00:27]}
43. h3 {[%clk 0:01:19]} Ke6 {[%clk 0:00:23]} 44. f5+ {[%clk 0:01:14]} Kf7
{[%clk 0:00:23]} 45. Ke5 {[%clk 0:01:14]} Ke7 {[%clk 0:00:23]} 46. g4
{[%clk 0:01:07]} hxg4 {[%clk 0:00:24]} 47. hxg4 {[%clk 0:01:08]} Kf7
{[%clk 0:00:24]} 48. g5 {[%clk 0:00:38]} Ke7 {[%clk 0:00:24]} 49. Kd5
{[%clk 0:00:39]} Kd7 {[%clk 0:00:21]} 50. Kc5 {[%clk 0:00:41]} Ke7
{[%clk 0:00:21]} 51. Kc6 {[%clk 0:00:41]} Ke8 {[%clk 0:00:16]} 52. Kd6
{[%clk 0:00:40]} Kd8 {[%clk 0:00:17]} 53. Ke6 {[%clk 0:00:39]} Ke8
{[%clk 0:00:19]} 54. g6 {[%clk 0:00:30]} Kf8 {[%clk 0:00:19]} 55. Kd7
{[%clk 0:00:31]} Kg8 {[%clk 0:00:20]} 56. Ke7 {[%clk 0:00:33]} Kh8
{[%clk 0:00:20]} 57. f6 {[%clk 0:00:34]} 1/2-1/2

[Event "Blitz 2018"]
[Site "Saint-Petersburg"]
[Date "2018.12.30"]
[Round "14"]
[Board "68"]
[White "Drygalov Andrey (RUS)"]
[Black "Khismatullin Denis (RUS)"]
[Result "0-1"]
[LiveChessVersion "1.4.8"]
[BlackElo "2674"]
[WhiteElo "2509"]

1. c4 {[%clk 0:03:03]} e5 {[%clk 0:03:03]} 2. Nc3 {[%clk 0:03:03]} Nc6
{[%clk 0:03:04]} 3. g3 {[%clk 0:02:59]} Bc5 {[%clk 0:03:05]} 4. Bg2
{[%clk 0:03:00]} d6 {[%clk 0:03:06]} 5. e3 {[%clk 0:02:54]} h5 {[%clk 0:03:07]}
6. h4 {[%clk 0:02:53]} a6 {[%clk 0:03:07]} 7. Nge2 {[%clk 0:02:53]} Ba7
{[%clk 0:03:08]} 8. d4 {[%clk 0:02:49]} Nf6 {[%clk 0:02:51]} 9. O-O
{[%clk 0:02:40]} O-O {[%clk 0:02:46]} 10. dxe5 {[%clk 0:02:10]} Nxe5
{[%clk 0:02:34]} 11. b3 {[%clk 0:02:07]} Bg4 {[%clk 0:02:16]} 12. Bxb7
{[%clk 0:01:56]} c6 {[%clk 0:01:39]} 13. Bxa8 {[%clk 0:01:20]} Bf3
{[%clk 0:01:23]} 14. Qc2 {[%clk 0:00:58]} Qd7 {[%clk 0:01:13]} 15. Nf4
{[%clk 0:00:58]} Rxa8 {[%clk 0:01:14]} 16. e4 {[%clk 0:00:42]} Qg4
{[%clk 0:00:41]} 17. Be3 {[%clk 0:00:39]} Bxe3 {[%clk 0:00:29]} 18. fxe3
{[%clk 0:00:32]} Qxg3+ {[%clk 0:00:30]} 19. Ng2 {[%clk 0:00:31]} Nfg4
{[%clk 0:00:30]} 20. Rxf3 {[%clk 0:00:18]} Nxf3+ {[%clk 0:00:27]} 21. Kf1
{[%clk 0:00:19]} Ngh2+ {[%clk 0:00:23]} 22. Ke2 {[%clk 0:00:20]} Qxg2+
{[%clk 0:00:23]} 0-1

[Event "Blitz 2018"]
[Site "Saint-Petersburg"]
[Date "2018.12.30"]
[Round "14"]
[Board "69"]
[White "Eliseev Alexei (RUS)"]
[Black "Alekseenko Kirill (RUS)"]
[Result "0-1"]
[LiveChessVersion "1.4.8"]
[BlackElo "2665"]
[WhiteElo "2486"]

1. Nf3 {[%clk 0:03:03]} d5 {[%clk 0:03:03]} 2. c4 {[%clk 0:03:04]} d4
{[%clk 0:03:04]} 3. b4 {[%clk 0:03:04]} f6 {[%clk 0:03:05]} 4. d3
{[%clk 0:02:39]} e5 {[%clk 0:02:57]} 5. a3 {[%clk 0:02:24]} c5 {[%clk 0:02:57]}
6. g3 {[%clk 0:02:21]} Ne7 {[%clk 0:02:43]} 7. Bg2 {[%clk 0:02:21]} Nf5
{[%clk 0:02:42]} 8. Nbd2 {[%clk 0:02:17]} Be7 {[%clk 0:02:41]} 9. O-O
{[%clk 0:02:13]} O-O {[%clk 0:02:39]} 10. bxc5 {[%clk 0:02:12]} Bxc5
{[%clk 0:02:31]} 11. Ne4 {[%clk 0:02:13]} Be7 {[%clk 0:02:23]} 12. a4
{[%clk 0:02:14]} Na6 {[%clk 0:02:15]} 13. Ba3 {[%clk 0:02:14]} Rb8
{[%clk 0:01:47]} 14. a5 {[%clk 0:02:11]} Be6 {[%clk 0:01:43]} 15. Qd2
{[%clk 0:01:57]} Nd6 {[%clk 0:01:37]} 16. Nxd6 {[%clk 0:01:54]} Bxd6
{[%clk 0:01:38]} 17. Rfb1 {[%clk 0:01:55]} Bxa3 {[%clk 0:01:37]} 18. Rxa3
{[%clk 0:01:57]} Nc5 {[%clk 0:01:38]} 19. Rb5 {[%clk 0:01:43]} Qd6
{[%clk 0:01:31]} 20. Qb4 {[%clk 0:01:43]} Rfc8 {[%clk 0:01:32]} 21. Nd2
{[%clk 0:01:22]} Qc7 {[%clk 0:01:30]} 22. Ne4 {[%clk 0:01:20]} b6
{[%clk 0:01:17]} 23. axb6 {[%clk 0:01:18]} axb6 {[%clk 0:01:18]} 24. Nxc5
{[%clk 0:01:15]} bxc5 {[%clk 0:01:18]} 25. Qb1 {[%clk 0:01:16]} Bd7
{[%clk 0:01:07]} 26. Rxb8 {[%clk 0:01:09]} Rxb8 {[%clk 0:01:07]} 27. Bd5+
{[%clk 0:01:03]} Kf8 {[%clk 0:01:07]} 28. Qa1 {[%clk 0:01:05]} Bh3
{[%clk 0:00:49]} 29. Ra8 {[%clk 0:01:04]} Qd8 {[%clk 0:00:20]} 30. Rxb8
{[%clk 0:00:46]} Qxb8 {[%clk 0:00:22]} 31. f3 {[%clk 0:00:47]} g6
{[%clk 0:00:21]} 32. Kf2 {[%clk 0:00:45]} Kg7 {[%clk 0:00:14]} 33. Qa5
{[%clk 0:00:37]} Qb1 {[%clk 0:00:13]} 34. Qe1 {[%clk 0:00:35]} Qxe1+
{[%clk 0:00:13]} 35. Kxe1 {[%clk 0:00:36]} Bd7 {[%clk 0:00:15]} 36. Kf2
{[%clk 0:00:32]} Kf8 {[%clk 0:00:13]} 37. Ke1 {[%clk 0:00:28]} Ke7
{[%clk 0:00:11]} 38. Kf2 {[%clk 0:00:30]} Kd6 {[%clk 0:00:13]} 39. Ke1
{[%clk 0:00:31]} Kc7 {[%clk 0:00:11]} 40. Kf2 {[%clk 0:00:30]} Kb6
{[%clk 0:00:12]} 41. f4 {[%clk 0:00:19]} Kc7 {[%clk 0:00:11]} 42. Bf7
{[%clk 0:00:16]} Kd6 {[%clk 0:00:11]} 43. h4 {[%clk 0:00:14]} Ke7
{[%clk 0:00:11]} 44. Bd5 {[%clk 0:00:15]} Ba4 {[%clk 0:00:07]} 45. Be4
{[%clk 0:00:14]} Be8 {[%clk 0:00:08]} 46. Bd5 Bd7 47. Bg8 {[%clk 0:00:15]} Kf8
{[%clk 0:00:08]} 48. Bd5 {[%clk 0:00:16]} Kg7 {[%clk 0:00:09]} 49. Be4
{[%clk 0:00:16]} Be6 {[%clk 0:00:10]} 50. Bc6 {[%clk 0:00:17]} Kh6
{[%clk 0:00:09]} 51. fxe5 {[%clk 0:00:16]} fxe5 {[%clk 0:00:10]} 52. Be4
{[%clk 0:00:17]} Kg7 {[%clk 0:00:11]} 53. Bc6 {[%clk 0:00:18]} Kf6
{[%clk 0:00:12]} 54. Kf3 {[%clk 0:00:19]} g5 {[%clk 0:00:10]} 55. Be8
{[%clk 0:00:17]} h6 {[%clk 0:00:09]} 56. Kf2 {[%clk 0:00:18]} Bg4
{[%clk 0:00:09]} 57. Bc6 {[%clk 0:00:18]} gxh4 {[%clk 0:00:09]} 58. gxh4
{[%clk 0:00:20]} Kf5 {[%clk 0:00:10]} 59. Bd7+ {[%clk 0:00:19]} Kf4
{[%clk 0:00:12]} 60. Bc6 {[%clk 0:00:19]} Bf5 {[%clk 0:00:09]} 61. Bg2
{[%clk 0:00:15]} Kg4 {[%clk 0:00:09]} 62. h5 {[%clk 0:00:11]} Kxh5
{[%clk 0:00:10]} 63. Kg3 {[%clk 0:00:12]} Kg5 {[%clk 0:00:11]} 64. Bc6
{[%clk 0:00:11]} Bg4 {[%clk 0:00:10]} 65. Kf2 {[%clk 0:00:12]} Kf4
{[%clk 0:00:11]} 66. Bd5 {[%clk 0:00:13]} h5 {[%clk 0:00:11]} 67. Bc6
{[%clk 0:00:15]} h4 {[%clk 0:00:11]} 68. Bd5 {[%clk 0:00:16]} Bf5
{[%clk 0:00:12]} 69. Bh1 {[%clk 0:00:17]} e4 {[%clk 0:00:12]} 0-1